[Event "LEM Nachwuchs M-V u14 08.-12.02.2020"]
[Site "Aula Fleesenseeschule Malchow"]
[Date "2020.02.12"]
[Round "7.1"]
[White "Breß, Amy Charlize"]
[Black "Tovmasyan, Minas"]
[Result "1/2-1/2"]
[WhiteElo "1473"]
[BlackElo "1652"]
[PlyCount "48"]
[EventDate "2020.??.??"]
[EventRounds "7"]
[WhiteTeam "SAV Torgelow"]
[BlackTeam "TuS Makkabi Rostock"]

1. e4 c5 2. Nf3 a6 3. d4 cxd4 4. Nxd4 Nf6 5. Nc3 e5 6. Nf3 Bb4 7. Bd2 O-O 8.
Bd3 d6 9. h3 Nbd7 10. O-O b5 11. Ne2 Bxd2 12. Nxd2 Nc5 13. Ng3 Qb6 14. Qe2 Be6
15. Qe3 Na4 16. Qxb6 Nxb6 17. Rfc1 Na4 18. b3 Nc3 19. Ne2 Rfc8 20. f3 Ra7 21.
Nxc3 Rxc3 22. Nb1 Rc8 23. c4 Rac7 24. Nd2 Nd7 1/2-1/2

[Event "LEM Nachwuchs M-V u14 08.-12.02.2020"]
[Site "Aula Fleesenseeschule Malchow"]
[Date "2020.02.12"]
[Round "7.2"]
[White "Wellßow, Keoki"]
[Black "Scharf, Christian"]
[Result "1/2-1/2"]
[WhiteElo "1544"]
[BlackElo "1050"]
[PlyCount "51"]
[EventDate "2020.??.??"]
[EventRounds "7"]
[WhiteTeam "SG Jasmund"]
[BlackTeam "SG Güstrow"]

1. c4 e6 2. g3 d5 3. Bg2 Nf6 4. Nf3 dxc4 5. Qa4+ c6 6. Qxc4 b5 7. Qc2 Bb7 8.
O-O Nbd7 9. d4 Qb6 10. e4 c5 11. dxc5 Nxc5 12. e5 Nd5 13. Nc3 Be7 14. Nxd5 Bxd5
15. Be3 a5 16. Rfc1 Rc8 17. Ne1 Bxg2 18. Kxg2 Qc6+ 19. f3 Qc7 20. Nd3 Na6 21.
Qxc7 Rxc7 22. Bb6 Rd7 23. Rc8+ Bd8 24. Rxd8+ Rxd8 25. Bxd8 Kxd8 26. Rc1 1/2-1/2

[Event "LEM Nachwuchs M-V u14 08.-12.02.2020"]
[Site "Aula Fleesenseeschule Malchow"]
[Date "2020.02.12"]
[Round "7.3"]
[White "Schott, Andy"]
[Black "Lippitz, Jaden"]
[Result "1-0"]
[WhiteElo "1485"]
[BlackElo "1337"]
[PlyCount "119"]
[EventDate "2020.??.??"]
[EventRounds "7"]
[WhiteTeam "SG Güstrow"]
[BlackTeam "SG Güstrow"]

1. c4 e6 2. Nc3 d5 3. cxd5 exd5 4. Nf3 Nf6 5. g3 Nc6 6. a3 d4 7. Na2 Bd6 8. Bg2
O-O 9. b4 Bg4 10. Bb2 Bxf3 11. Bxf3 Be7 12. O-O Rb8 13. Nc1 Ne5 14. Bg2 Ng6 15.
d3 b6 16. Qa4 a5 17. bxa5 bxa5 18. Bxd4 c5 19. Be3 Bd6 20. Nb3 Qb6 21. Nxa5 Qa6
22. Qc6 Rb6 23. Qa4 Rb5 24. Bd2 Bc7 25. Bc6 Rb2 26. Nc4 Qxa4 27. Bxa4 Rb7 28.
Rfb1 Ra7 29. Bc6 Ra6 30. Bg2 Re8 31. Bf3 Ne5 32. Nxe5 Bxe5 33. Ra2 Rb8 34.
Rxb8+ Bxb8 35. Rb2 Be5 36. Rb5 Rxa3 37. Rxc5 Bd6 38. Rc8+ Bf8 39. Bb4 Ra1+ 40.
Kg2 Nd7 41. Bxf8 Nxf8 42. d4 Rd1 43. e3 Rd2 44. Be4 g6 45. Rc7 f5 46. Bd5+ Kh8
47. Rf7 Kg8 48. Rxf5+ Kg7 49. Rf7+ Kg8 50. Kf3 h6 51. Rb7+ Kh8 52. h4 g5 53.
hxg5 hxg5 54. Rf7 Ng6 55. Kg4 Ne5+ 56. dxe5 Rb2 57. Kxg5 Rb7 58. Bxb7 Kg8 59.
Kg6 Kh8 60. Rf8# 1-0

[Event "LEM Nachwuchs M-V u14 08.-12.02.2020"]
[Site "Aula Fleesenseeschule Malchow"]
[Date "2020.02.12"]
[Round "7.4"]
[White "Janssen, Joris Frederik"]
[Black "Karff, Tom"]
[Result "0-1"]
[WhiteElo "1291"]
[BlackElo "1301"]
[PlyCount "54"]
[EventDate "2020.??.??"]
[EventRounds "7"]
[WhiteTeam "TuS Makkabi Rostock"]
[BlackTeam "SV Malchow"]

1. d4 d5 2. Bf4 Bf5 3. Nf3 Nf6 4. Nbd2 Nbd7 5. e3 e6 6. h3 a6 7. Be2 Be7 8. O-O
O-O 9. Bh2 c5 10. c4 Qb6 11. Qb3 Qxb3 12. axb3 Ne4 13. Nxe4 Bxe4 14. Nd2 Bg6
15. Bf3 Nb6 16. Bc7 Bd8 17. Bxb6 Bxb6 18. dxc5 Bxc5 19. cxd5 exd5 20. Rfd1 Rab8
21. Bxd5 Rfd8 22. Bf3 Bc2 23. Rdc1 Rxd2 24. Ra5 Bb4 25. Raa1 Bxb3 26. Rc7 Bd5
27. e4 Bc6 0-1

[Event "LEM Nachwuchs M-V u14 08.-12.02.2020"]
[Site "Aula Fleesenseeschule Malchow"]
[Date "2020.02.12"]
[Round "7.5"]
[White "Börger, Dan"]
[Black "Maeno, Yosuke"]
[Result "0-1"]
[WhiteElo "1431"]
[BlackElo "1330"]
[PlyCount "43"]
[EventDate "2020.??.??"]
[EventRounds "7"]
[WhiteTeam "SC Mecklenburger Springer"]
[BlackTeam "SF Schwerin"]

1. e4 e5 2. Nf3 Nc6 3. Bc4 Bc5 4. c3 Nf6 5. d4 exd4 6. cxd4 Bb4+ 7. Nc3 O-O 8.
Bd3 Re8 9. Qc2 h6 10. Bd2 d6 11. h3 Bd7 12. O-O a6 13. Rfe1 Na7 14. a4 b5 15.
e5 dxe5 16. dxe5 Bxc3 17. Bxc3 Nh5 18. Bh7+ Kh8 19. Bf5 Nf4 20. Rad1 Nd5 21.
Bxd7 Qxd7 22. Qf5 0-1

[Event "LEM Nachwuchs M-V u14 08.-12.02.2020"]
[Site "Aula Fleesenseeschule Malchow"]
[Date "2020.02.12"]
[Round "7.6"]
[White "Kirchner, Bao Long Marc"]
[Black "Quade, Luca"]
[Result "1-0"]
[WhiteElo "1222"]
[BlackElo "1414"]
[PlyCount "65"]
[EventDate "2020.??.??"]
[EventRounds "7"]
[WhiteTeam "TuS Makkabi Rostock"]
[BlackTeam "SF Schwerin"]

1. e4 c5 2. Nf3 Nc6 3. d4 cxd4 4. Nxd4 Nf6 5. Nc3 g6 6. f3 Bg7 7. Be3 d6 8. Qd2
a6 9. O-O-O Qc7 10. g4 Be6 11. h4 O-O-O 12. Nxe6 fxe6 13. Na4 Rdf8 14. Be2 Qa5
15. Nb6+ Kb8 16. Qxa5 Nxa5 17. g5 Rd8 18. gxf6 exf6 19. h5 Rhe8 20. Na4 f5 21.
Bb6 Rc8 22. Bxa5 gxh5 23. Nb6 Rc6 24. Rxh5 Re7 25. Rxh7 Bxb2+ 26. Kxb2 Rxh7 27.
Nc4 Rh2 28. Bd3 d5 29. exd5 exd5 30. Ne5 Re6 31. Nd7+ Ka8 32. Bxf5 Rc6 33. Rxd5
1-0

[Event "LEM Nachwuchs M-V u14 08.-12.02.2020"]
[Site "Aula Fleesenseeschule Malchow"]
[Date "2020.02.12"]
[Round "7.7"]
[White "Subocz, Gabriel"]
[Black "Klöpzig, Lars Arvid"]
[Result "1/2-1/2"]
[WhiteElo "1411"]
[BlackElo "1304"]
[PlyCount "30"]
[EventDate "2020.??.??"]
[EventRounds "7"]
[WhiteTeam "SAV Torgelow"]
[BlackTeam "SV Gryps"]

1. e4 e5 2. Bc4 Nf6 3. d3 Bc5 4. Nc3 Nc6 5. Nf3 Nd4 6. Bg5 b5 7. Bxf6 Qxf6 8.
Nd5 Qd6 9. Nxd4 Bxd4 10. c3 c6 11. cxd4 bxc4 12. dxe5 Qxe5 13. Nc3 d5 14. O-O
O-O 15. Re1 d4 1/2-1/2

[Event "LEM Nachwuchs M-V u14 08.-12.02.2020"]
[Site "Aula Fleesenseeschule Malchow"]
[Date "2020.02.12"]
[Round "7.8"]
[White "Köpnick, Amanda"]
[Black "Bohndorf, Jonas"]
[Result "1/2-1/2"]
[WhiteElo "1030"]
[BlackElo "1239"]
[PlyCount "33"]
[EventDate "2020.??.??"]
[EventRounds "7"]
[WhiteTeam "TuS Makkabi Rostock"]
[BlackTeam "SV Gryps"]

1. e4 e5 2. Nf3 Nc6 3. Bc4 Nf6 4. d3 Be7 5. O-O O-O 6. Nc3 d6 7. h3 Bd7 8. d4
exd4 9. Nxd4 Nxd4 10. Qxd4 c5 11. Qe3 Re8 12. Qg3 g6 13. Bh6 a6 14. a4 Bc6 15.
Qf4 Bf8 16. Bg5 Bg7 17. Rfe1 1/2-1/2

[Event "LEM Nachwuchs M-V u14 08.-12.02.2020"]
[Site "Aula Fleesenseeschule Malchow"]
[Date "2020.02.12"]
[Round "7.9"]
[White "Hägert, Luisa"]
[Black "Hampe, Tobias"]
[Result "0-1"]
[WhiteElo "787"]
[BlackElo "1075"]
[PlyCount "76"]
[EventDate "2020.??.??"]
[EventRounds "7"]
[WhiteTeam "SG Güstrow"]
[BlackTeam "Lok Pritzwalk"]

1. e4 e5 2. Nf3 Nc6 3. Bc4 Bc5 4. c3 d6 5. d4 exd4 6. cxd4 Bb6 7. O-O Nge7 8.
Nc3 O-O 9. Bg5 Bg4 10. Qd3 Bxf3 11. d5 Ne5 12. Qc2 Nxc4 13. gxf3 h6 14. Nb5
hxg5 15. Qxc4 a6 16. Nc3 Rc8 17. Kh1 c6 18. Qd3 cxd5 19. exd5 g6 20. Ne4 Qd7
21. Rg1 Qb5 22. Qd2 Rcd8 23. Rae1 Ba5 24. Qd1 Bxe1 25. Qxe1 Kg7 26. Nxg5 Nxd5
27. Qe4 Rde8 28. Qc2 Re2 29. Qb1 Qxb2 30. Qd3 Nf4 31. Qxd6 Qd2 32. Qxd2 Rxd2
33. Ne4 Rxa2 34. Rg4 Ra1+ 35. Rg1 Rxg1+ 36. Kxg1 Rd8 37. h3 a5 38. Nc3 Ra8 0-1

[Event "LEM Nachwuchs M-V u14 08.-12.02.2020"]
[Site "Aula Fleesenseeschule Malchow"]
[Date "2020.02.12"]
[Round "7.10"]
[White "Bieschke, Tom"]
[Black "Wilke, Finja"]
[Result "1-0"]
[WhiteElo "1144"]
[BlackElo "923"]
[PlyCount "21"]
[EventDate "2020.??.??"]
[EventRounds "7"]
[WhiteTeam "SG Neubrandenburg"]
[BlackTeam "SAV Torgelow"]

1. e4 e5 2. Nf3 Nc6 3. Bc4 Nf6 4. Ng5 d5 5. exd5 Nxd5 6. Nxf7 Kxf7 7. Qf3+ Ke8
8. Bxd5 Ne7 9. Nc3 c6 10. Bb3 Ng6 11. Qf7# 1-0

[Event "LEM Nachwuchs M-V u12w 08.-12.02.2020"]
[Site "Aula Fleesenseeschule Malch"]
[Date "2020.02.08"]
[Round "1.2"]
[White "Stepanjan, Marianne"]
[Black "Sens, Gerda"]
[Result "1-0"]
[WhiteElo "1414"]
[BlackElo "1247"]
[PlyCount "81"]
[EventDate "2020.??.??"]
[WhiteTeam "ESV Wittenberge"]
[BlackTeam "SSC Rostock"]

1. e4 e5 2. Nf3 Nc6 3. Bb5 a6 4. Ba4 Nf6 5. O-O Nxe4 6. Re1 Nc5 7. Nxe5 Nxe5 8.
Rxe5+ Be7 9. Bb3 O-O 10. d4 d6 11. Re1 Ne6 12. Nc3 Re8 13. Nd5 Bf8 14. c4 Nxd4
15. Rxe8 Qxe8 16. Nxc7 Qe2 17. Nxa8 Bg4 18. Qxe2 Nxe2+ 19. Kf1 Nd4 20. Be3 Nf5
21. Nb6 Be7 22. Nd5 Bd8 23. f3 Bh5 24. g4 Nxe3+ 25. Nxe3 Bg6 26. Rd1 Be7 27.
Bc2 Bxc2 28. Nxc2 h6 29. c5 dxc5 30. Rd7 Bf6 31. Rxb7 c4 32. Rc7 Bxb2 33. Rxc4
a5 34. a4 Be5 35. h3 Kh7 36. Rc5 Bf4 37. Rxa5 g6 38. Rb5 f5 39. gxf5 gxf5 40.
Rxf5 Bc7 41. Rf7+ 1-0

[Event "LEM Nachwuchs M-V u12w 08.-12.02.2020"]
[Site "Aula Fleesenseeschule Malch"]
[Date "2020.02.08"]
[Round "1.4"]
[White "Khanbekyan, Nare"]
[Black "Janssen, Julika"]
[Result "1-0"]
[WhiteElo "1081"]
[BlackElo "931"]
[PlyCount "101"]
[EventDate "2020.??.??"]
[WhiteTeam "Greifswalder SV"]
[BlackTeam "TuS Makkabi Rostock"]

1. e4 e5 2. Nf3 Nc6 3. Bc4 Nf6 4. Nc3 Bc5 5. d3 h6 6. Be3 Nd4 7. Nxe5 d6 8.
Nxf7 Qe7 9. Nxh8 Bg4 10. Qd2 Bh5 11. O-O O-O-O 12. Bxh6 Rxh8 13. Bg5 Bf3 14.
Nd5 Qe5 15. Bf4 Qh5 16. Nxf6 gxf6 17. Bg3 Qg4 18. Rfe1 Bxg2 19. Qf4 Qh3 20.
Be6+ Nxe6 21. Qf5 Qh6 22. Qxe6+ Kd8 23. Kxg2 Re8 24. Qh3 Qg5 25. Qf5 Qg7 26.
Kf3 Bd4 27. c3 Be5 28. d4 Bxg3 29. fxg3 Rg8 30. e5 fxe5 31. Kg2 Rf8 32. Qe6 Re8
33. Qd5 Qg5 34. Rxe5 Qd2+ 35. Kg1 Rh8 36. h4 Qd3 37. Rg5 Qe3+ 38. Kg2 Rf8 39.
Rg8 Qe2+ 40. Kh3 Qe7 41. Qg5 Rxg8 42. Qxg8+ Kd7 43. Qg4+ Kd8 44. Qg5 Qxg5 45.
hxg5 Ke7 46. Kh4 Kf7 47. Kh5 Kg7 48. Re1 Kf7 49. Kh6 Kg8 50. Kg6 Kf8 51. Kh7
1-0

[Event "LEM Nachwuchs M-V u12w 08.-12.02.2020"]
[Site "Aula Fleesenseeschule Malch"]
[Date "2020.02.09"]
[Round "2.1"]
[White "Khanbekyan, Nare"]
[Black "Suckow, Malin"]
[Result "1-0"]
[WhiteElo "1081"]
[BlackElo "883"]
[PlyCount "73"]
[EventDate "2020.??.??"]
[WhiteTeam "Greifswalder SV"]
[BlackTeam "SG Neubrandenburg"]

1. e4 c5 2. Nf3 Nc6 3. d4 b6 4. Nc3 e6 5. Be3 Nf6 6. dxc5 bxc5 7. Bc4 Be7 8.
O-O O-O 9. Qd2 Bb7 10. Rfd1 Nb4 11. a3 Nc6 12. Rab1 Na5 13. b3 Bxe4 14. Nxe4
Nxe4 15. Qd3 d5 16. Ba6 c4 17. bxc4 Bc5 18. cxd5 Bxe3 19. fxe3 Nc5 20. Qb5 Ne4
21. dxe6 Qe7 22. exf7+ Rxf7 23. Qxa5 Qf6 24. Rb7 Rxb7 25. Bxb7 Rb8 26. Bd5+ Kf8
27. Bxe4 Qe7 28. Qf5+ Qf7 29. Qxf7+ Kxf7 30. Ng5+ Kf6 31. Nxh7+ Ke5 32. Bg6 Rb6
33. Bf7 Ke4 34. Kf2 Rb7 35. Rd4+ Ke5 36. Rd5+ Ke4 37. Ng5# 1-0

[Event "LEM Nachwuchs M-V u12w 08.-12.02.2020"]
[Site "Aula Fleesenseeschule Malch"]
[Date "2020.02.09"]
[Round "2.3"]
[White "Urban, Mila"]
[Black "Stepanjan, Marianne"]
[Result "0-1"]
[WhiteElo "867"]
[BlackElo "1414"]
[PlyCount "98"]
[EventDate "2020.??.??"]
[WhiteTeam "TuS Makkabi Rostock"]
[BlackTeam "ESV Wittenberge"]

1. e4 c5 2. Nc3 d6 3. Bc4 Nf6 4. d3 e6 5. Bb5+ Bd7 6. Bxd7+ Nbxd7 7. Nf3 Be7 8.
h3 O-O 9. O-O Nb6 10. e5 dxe5 11. Nxe5 Bd6 12. Re1 Nbd5 13. Bd2 Nd7 14. Nc4 Be7
15. Re4 b5 16. Nxb5 Rb8 17. Nc3 N7b6 18. Ne3 Nf6 19. Rf4 Nfd5 20. Rg4 f5 21.
Rg3 f4 22. Rf3 fxe3 23. Bc1 Rxf3 24. Qxf3 exf2+ 25. Qxf2 Bf6 26. Qd2 Bd4+ 27.
Kh1 Qf6 28. Qe1 Rf8 29. Bd2 Nxc3 30. bxc3 Bf2 31. Qd1 Nd5 32. Qc1 Nxc3 33. Be1
Bg1 34. Bxc3 Qxc3 35. Kxg1 Qd4+ 36. Kh1 Rf2 37. Rb1 Qd5 38. Qg1 Rf5 39. Qh2 e5
40. h4 Rh5 41. Kg1 Qd4+ 42. Kh1 Rxh4 43. Rb8+ Kf7 44. Qxh4 Qxh4+ 45. Kg1 Qd4+
46. Kf1 e4 47. dxe4 Qxe4 48. Rb7+ Qxb7 49. a3 Qe4 0-1

[Event "LEM Nachwuchs M-V u12w 08.-12.02.2020"]
[Site "Aula Fleesenseeschule Malch"]
[Date "2020.02.09"]
[Round "3.1"]
[White "Suckow, Malin"]
[Black "Sens, Gerda"]
[Result "0-1"]
[WhiteElo "883"]
[BlackElo "1247"]
[PlyCount "114"]
[EventDate "2020.??.??"]
[WhiteTeam "SG Neubrandenburg"]
[BlackTeam "SSC Rostock"]

1. e4 e5 2. Nf3 Nc6 3. Bb5 a6 4. Ba4 Nf6 5. O-O b5 6. Bb3 d6 7. c3 Nxe4 8. Bc2
Nf6 9. d4 Be7 10. dxe5 Nxe5 11. Nxe5 dxe5 12. Qxd8+ Bxd8 13. Re1 O-O 14. Bg5
Re8 15. Be4 Nxe4 16. Bxd8 Rxd8 17. Rxe4 Re8 18. Nd2 Bf5 19. Re3 Rad8 20. Nb3
Rd5 21. f4 e4 22. Nd4 g6 23. Nxf5 Rxf5 24. Rae1 Rxf4 25. g3 Rf5 26. Rxe4 Rxe4
27. Rxe4 Rd5 28. Re7 Rd1+ 29. Kf2 Rd2+ 30. Ke3 Rxb2 31. Rxc7 Rxa2 32. Kd4 Ra4+
33. Kc5 Ra3 34. Kb6 Kg7 35. h4 Kh6 36. Rxf7 Rxc3 37. Kxa6 b4 38. Rb7 b3 39. Ka5
Rxg3 40. Ka4 Kh5 41. Rxb3 Rxb3 42. Kxb3 Kxh4 43. Kc2 g5 44. Kd2 g4 45. Ke2 g3
46. Kf1 Kh3 47. Kg1 g2 48. Kf2 Kh2 49. Kf3 g1=Q 50. Kf4 Qe1 51. Kg5 Qe6 52. Kh4
h6 53. Kh5 Qg8 54. Kxh6 Kg3 55. Kh5 Kf4 56. Kh6 Kf5 57. Kh5 Qg5# 0-1

[Event "LEM Nachwuchs M-V u12w 08.-12.02.2020"]
[Site "Aula Fleesenseeschule Malch"]
[Date "2020.02.09"]
[Round "3.3"]
[White "Stepanjan, Marianne"]
[Black "Janssen, Julika"]
[Result "1-0"]
[WhiteElo "1414"]
[BlackElo "931"]
[PlyCount "41"]
[EventDate "2020.??.??"]
[WhiteTeam "ESV Wittenberge"]
[BlackTeam "TuS Makkabi Rostock"]

1. e4 e5 2. Nf3 Nc6 3. Bb5 Nf6 4. O-O Nxe4 5. Re1 Nd6 6. Nxe5 Nxe5 7. Rxe5+ Be7
8. Ba4 O-O 9. d4 h6 10. Nc3 c6 11. Bb3 Re8 12. Qh5 Bf6 13. Rxe8+ Qxe8 14. Bf4
Ne4 15. Nxe4 Qxe4 16. Qxf7+ Kh7 17. Qg8+ Kg6 18. Be3 b6 19. Bf7+ Kf5 20. Qh7+
g6 21. Qxg6# 1-0

[Event "LEM Nachwuchs M-V u12w 08.-12.02.2020"]
[Site "Aula Fleesenseeschule Malch"]
[Date "2020.02.10"]
[Round "4.2"]
[White "Khanbekyan, Nare"]
[Black "Stepanjan, Marianne"]
[Result "1/2-1/2"]
[WhiteElo "1081"]
[BlackElo "1414"]
[PlyCount "96"]
[EventDate "2020.??.??"]
[WhiteTeam "Greifswalder SV"]
[BlackTeam "ESV Wittenberge"]

1. e4 c5 2. Nf3 d6 3. d4 cxd4 4. Nxd4 Nf6 5. Nc3 e5 6. Nb3 Be7 7. Be3 a6 8. h3
b5 9. a3 Bb7 10. Bd3 d5 11. exd5 Nxd5 12. Qe2 Nxc3 13. bxc3 e4 14. Bxe4 Bxe4
15. Bc5 Bf5 16. O-O Be6 17. Rfe1 O-O 18. Qe4 Nd7 19. Bxe7 Qxe7 20. Nd4 Rfe8 21.
Re3 Nf6 22. Qe5 Nd5 23. Rg3 f6 24. Qe4 Qd7 25. Nxe6 Qxe6 26. Qxe6+ Rxe6 27. Rd1
Nb6 28. Rd4 Nc4 29. a4 Ne5 30. axb5 axb5 31. f4 Nc4 32. Rd7 g6 33. f5 Ne5 34.
fxe6 Nxd7 35. exd7 Rd8 36. Rd3 Kf7 37. Rd5 Ke7 38. Rxb5 Rxd7 39. Kf2 Rd2+ 40.
Kf3 Rxc2 41. Rc5 Kd6 42. Rc8 Kd5 43. g4 g5 44. Ke3 Rh2 45. c4+ Ke5 46. Re8+ Kd6
47. Kd4 Rd2+ 48. Kc3 Rh2 1/2-1/2

[Event "LEM Nachwuchs M-V u12w 08.-12.02.2020"]
[Site "Aula Fleesenseeschule Malch"]
[Date "2020.02.10"]
[Round "4.4"]
[White "Urban, Mila"]
[Black "Sens, Gerda"]
[Result "0-1"]
[WhiteElo "867"]
[BlackElo "1247"]
[PlyCount "96"]
[EventDate "2020.??.??"]
[WhiteTeam "TuS Makkabi Rostock"]
[BlackTeam "SSC Rostock"]

1. e4 e5 2. Nf3 Nc6 3. Bc4 Nf6 4. Nc3 Bc5 5. d3 O-O 6. Bg5 Be7 7. O-O d6 8. h3
Be6 9. b3 Qd7 10. Bxe6 fxe6 11. Nh2 d5 12. Qe2 Rad8 13. Rfe1 Nd4 14. Qd1 Qc6
15. Qd2 Bb4 16. Rf1 Bxc3 17. Qc1 Bxa1 18. Qxa1 Nxc2 19. Qxe5 b6 20. Rc1 Rd6 21.
Qg3 Qc5 22. d4 Nxd4 23. Re1 Nxe4 24. Qh4 Nxg5 25. Qxg5 Nb5 26. Ng4 Nc3 27. Kh2
Ne4 28. Qh4 Nxf2 29. Ne3 e5 30. Ng4 Nxg4+ 31. Qxg4 Qd4 32. Qg5 Qf4+ 33. Qxf4
exf4 34. Re7 d4 35. Re1 d3 36. Rd1 d2 37. Kg1 f3 38. gxf3 Rxf3 39. Kh2 Re3 40.
Kg2 Re1 41. Rxd2 Rxd2+ 42. Kf3 Rd4 43. a4 Rc1 44. h4 Rc3+ 45. Ke2 Rxh4 46. Kd2
Rg3 47. Ke2 Rh2+ 48. Ke1 Rg1# 0-1

[Event "LEM Nachwuchs M-V u12w 08.-12.02.2020"]
[Site "Aula Fleesenseeschule Malch"]
[Date "2020.02.11"]
[Round "5.1"]
[White "Suckow, Malin"]
[Black "Urban, Mila"]
[Result "1/2-1/2"]
[WhiteElo "883"]
[BlackElo "867"]
[PlyCount "52"]
[EventDate "2020.??.??"]
[WhiteTeam "SG Neubrandenburg"]
[BlackTeam "TuS Makkabi Rostock"]

1. e4 e5 2. Nf3 Nc6 3. Bb5 d6 4. O-O Bd7 5. d4 Nf6 6. Bg5 h6 7. Be3 Nxe4 8. d5
Ne7 9. Bxd7+ Qxd7 10. Nc3 Nf6 11. Qd2 Nf5 12. Rad1 Ng4 13. h3 Ngxe3 14. fxe3
Ng3 15. Rfe1 Be7 16. Kf2 Nh5 17. e4 Qd8 18. Ne2 Bh4+ 19. Nxh4 Qxh4+ 20. Kg1 O-O
21. Qe3 f5 22. Rf1 f4 23. Qf3 Rf6 24. Rf2 Raf8 25. Rdf1 Qg5 26. a3 b6 1/2-1/2

[Event "LEM Nachwuchs M-V u12w 08.-12.02.2020"]
[Site "Aula Fleesenseeschule Malch"]
[Date "2020.02.11"]
[Round "5.2"]
[White "Sens, Gerda"]
[Black "Janssen, Julika"]
[Result "1-0"]
[WhiteElo "1247"]
[BlackElo "931"]
[PlyCount "125"]
[EventDate "2020.??.??"]
[WhiteTeam "SSC Rostock"]
[BlackTeam "TuS Makkabi Rostock"]

1. e4 e5 2. Nf3 Nc6 3. Bc4 Bc5 4. c3 Nf6 5. d3 h6 6. Nbd2 d6 7. O-O Bg4 8. Re1
O-O 9. Nf1 Ne7 10. Be3 Bb6 11. Ng3 Re8 12. h3 Bh5 13. Nxh5 Nxh5 14. Nxe5 dxe5
15. Qxh5 Kh8 16. Qxe5 Ng6 17. Qg3 Re7 18. Bxf7 Nf8 19. Bc4 Qd7 20. Bxh6 Nh7 21.
Be3 Rf8 22. Bxb6 cxb6 23. Rad1 Rf6 24. Qb8+ Re8 25. Qxa7 Rg6 26. Re3 b5 27. Bd5
Nf6 28. Qxb7 Qxb7 29. Bxb7 Rd8 30. e5 Ne8 31. e6 Nc7 32. e7 Rb8 33. Bc6 Rxc6
34. Rde1 Re8 35. d4 Nd5 36. Re5 Rd6 37. Kh2 Rd7 38. a3 Kg8 39. Kg3 Rexe7 40.
Rxe7 Nxe7 41. Re5 Nd5 42. Kf3 Kf7 43. Ke4 Nc7 44. d5 Ne8 45. b3 Kf8 46. c4 bxc4
47. bxc4 Nd6+ 48. Kd4 Rf7 49. Kc5 Nb7+ 50. Kc6 Na5+ 51. Kb5 Nb7 52. c5 Rd7 53.
c6 Nd6+ 54. Kc5 Rd8 55. c7 Rd7 56. Kc6 Re7 57. Kxd6 Rxe5 58. Kxe5 Kf7 59. c8=Q
Kg6 60. Qf5+ Kh6 61. d6 g5 62. Kf6 Kh5 63. Qxg5# 1-0

[Event "LEM Nachwuchs M-V u12w 08.-12.02.2020"]
[Site "Aula Fleesenseeschule Malch"]
[Date "2020.02.11"]
[Round "6.1"]
[White "Stepanjan, Marianne"]
[Black "Suckow, Malin"]
[Result "1-0"]
[WhiteElo "1414"]
[BlackElo "883"]
[PlyCount "97"]
[EventDate "2020.??.??"]
[WhiteTeam "ESV Wittenberge"]
[BlackTeam "SG Neubrandenburg"]

1. e4 e5 2. Nf3 Nc6 3. Bb5 Nf6 4. O-O Nxe4 5. Re1 Nd6 6. Nxe5 Nxe5 7. Rxe5+ Be7
8. Ba4 O-O 9. d4 Bf6 10. Re1 Bxd4 11. Qxd4 Nf5 12. Qd3 d6 13. Nc3 Qh4 14. Qe4
g6 15. Qxh4 Nxh4 16. Bh6 Rd8 17. Bg5 Rf8 18. Bxh4 Bf5 19. Bf6 c6 20. Ne4 b5 21.
Bb3 d5 22. Ng3 Be6 23. Rad1 a5 24. a4 b4 25. Ne2 c5 26. Bxd5 Bxd5 27. Rxd5 c4
28. Ng3 h6 29. Red1 Kh7 30. Rd8 Rfxd8 31. Bxd8 h5 32. Rd7 Kh6 33. Bf6 Re8 34.
Re7 Rd8 35. Re1 g5 36. Bxd8 Kg6 37. Re5 f6 38. Re6 Kf7 39. Rxf6+ Ke8 40. Bxa5
Ke7 41. Nxh5 Kd7 42. Bxb4 Kc7 43. a5 Kb7 44. a6+ Ka8 45. Rf7 Kb8 46. a7+ Ka8
47. Nf6 c3 48. Nd5 cxb2 49. Nb6# 1-0

[Event "LEM Nachwuchs M-V u12w 08.-12.02.2020"]
[Site "Aula Fleesenseeschule Malch"]
[Date "2020.02.11"]
[Round "6.3"]
[White "Khanbekyan, Nare"]
[Black "Sens, Gerda"]
[Result "0-1"]
[WhiteElo "1081"]
[BlackElo "1247"]
[PlyCount "84"]
[EventDate "2020.??.??"]
[WhiteTeam "Greifswalder SV"]
[BlackTeam "SSC Rostock"]

1. e4 e5 2. Nf3 Nc6 3. d4 d6 4. d5 Nce7 5. c4 Nf6 6. Nc3 g6 7. Bg5 Bg7 8. Be2
O-O 9. Qd2 Bd7 10. O-O c6 11. b4 cxd5 12. cxd5 Qc7 13. Rfc1 Rac8 14. Nb5 Qb6
15. Be3 Nxe4 16. Qb2 Rxc1+ 17. Rxc1 Qd8 18. Nxa7 Nxd5 19. Nb5 Bxb5 20. Bxb5
Nxe3 21. fxe3 Qb6 22. Qe2 Bh6 23. Re1 Nc3 24. Qd3 Nxb5 25. Kf1 Re8 26. e4 Qa6
27. Qc4 Nd4 28. Qxa6 bxa6 29. Rd1 Nxf3 30. gxf3 Rd8 31. Ke2 Bf4 32. h3 f5 33.
Kd3 d5 34. a4 dxe4+ 35. Ke2 Rxd1 36. Kxd1 exf3 37. Ke1 Bg3+ 38. Kf1 e4 39. b5
axb5 40. a5 e3 41. a6 e2+ 42. Kg1 e1=Q# 0-1

[Event "LEM Nachwuchs M-V u12w 08.-12.02.2020"]
[Site "Aula Fleesenseeschule Malch"]
[Date "2020.02.11"]
[Round "6.4"]
[White "Janssen, Julika"]
[Black "Urban, Mila"]
[Result "1-0"]
[WhiteElo "931"]
[BlackElo "867"]
[PlyCount "67"]
[EventDate "2020.??.??"]
[WhiteTeam "TuS Makkabi Rostock"]
[BlackTeam "TuS Makkabi Rostock"]

1. e4 e5 2. Nf3 Nc6 3. Nc3 Bc5 4. Bc4 Nf6 5. d3 h6 6. O-O d6 7. h3 O-O 8. Nd5
Nxd5 9. Bxd5 Qf6 10. Be3 Bb6 11. Nh2 Qg6 12. Qf3 Be6 13. Bb3 Ne7 14. Ng4 Qh7
15. Qg3 c6 16. Nf6+ Kh8 17. Nxh7 Kxh7 18. f4 Bc7 19. fxe5 dxe5 20. Rf3 Ng6 21.
Raf1 Bd8 22. Bxe6 Bh4 23. Qg4 f6 24. Bf5 Bg5 25. Bxg5 fxg5 26. Bxg6+ Kxg6 27.
Rxf8 Rxf8 28. Rxf8 a6 29. Qf5+ Kh5 30. g4+ Kh4 31. Qf2+ Kxh3 32. Qh2+ Kxg4 33.
Kg2 a5 34. Qh3# 1-0

[Event "LEM Nachwuchs M-V u12w 08.-12.02.2020"]
[Site "Aula Fleesenseeschule Malch"]
[Date "2020.02.12"]
[Round "7.1"]
[White "Suckow, Malin"]
[Black "Janssen, Julika"]
[Result "0-1"]
[WhiteElo "883"]
[BlackElo "931"]
[PlyCount "72"]
[EventDate "2020.??.??"]
[WhiteTeam "SG Neubrandenburg"]
[BlackTeam "TuS Makkabi Rostock"]

1. e4 e5 2. Nf3 Nc6 3. Bb5 Nf6 4. O-O Bc5 5. c3 Nxe4 6. d4 exd4 7. cxd4 Bb6 8.
Be3 d5 9. Nc3 Nf6 10. Re1 O-O 11. Bg5 Qd6 12. Ne5 Nxd4 13. Bxf6 Qxf6 14. Nxd5
Qg5 15. Nxb6 Bh3 16. g3 Rad8 17. Nbd7 Nxb5 18. Qb3 Nd4 19. Qc3 Rfe8 20. Qxd4
Re7 21. Qd5 Rde8 22. Qf3 Bxd7 23. Nxd7 Rxe1+ 24. Rxe1 Rxe1+ 25. Kg2 Qb5 26. Kh3
Qxd7+ 27. g4 Rg1 28. Qe4 h5 29. f3 f5 30. gxf5 Qf7 31. Kh4 Qf6+ 32. Kh3 Rg5 33.
f4 Rxf5 34. Qc4+ Kh7 35. Qxc7 Qg6 36. Qd6 Qg4# 0-1